| 000 | 00400cam a2200157ua 4500 | ||
|---|---|---|---|
| 041 |
_aeng _h |
||
| 082 |
_a604.2 _bATK/PR |
||
| 100 | _aAtkins , C J . | ||
| 245 |
_aPractical engineering drawing vol-2 / _cC J Atkins. _hTextual Documents |
||
| 250 |
_a1 / _b. |
||
| 260 |
_aLondon : _bEnglish Universities Press , _c1961. |
||
| 300 | _a186 ; . | ||
| 504 | _a | ||
| 942 | _cBK | ||
| 999 |
_c8741 _d8741 |
||